[Event "GER-ch 2014-E-V6 serv"]
[Site "GER email"]
[Date "2014.12.08"]
[Round "?"]
[White "Krumm, Guenther"]
[Black "Poulheim, Karl Friedrich"]
[Result "1-0"]
[WhiteElo "2048"]
[BlackElo "2056"]
[PlyCount "83"]
[EventDate "2014.12.22"]
[EventType "tourn (corr)"]
[EventRounds "6"]
[EventCountry "GER"]
[SourceTitle "Corr 2020"]
[Source "ChessBase"]
[SourceDate "2019.09.30"]
[SourceVersion "1"]
[SourceVersionDate "2019.09.30"]
[SourceQuality "1"]

1. d4 d5 2. c4 c6 3. Nc3 Nf6 4. Nf3 dxc4 5. a4 Bf5 6. e3 e6 7. Bxc4 Bb4 8. 0-0 Nbd7 9. Nh4 Bg4 10. f3 Bh5 11. g4 g5 12. Ng2 Bg6 13. e4 h6 14. Qb3 Qb6 15. Be3 h5 16. Bxe6 hxg4 17. e5 gxf3 18. Rxf3 Bxc3 19. bxc3 Qxb3 20. Bxb3 Ne4 21. Re1 Rh7 22. Bc1 0-0-0 23. Rfe3 f5 24. Rxe4 fxe4 25. Bxg5 Re8 26. Rf1 Rh3 27. e6 Rxc3 28. exd7+ Kxd7 29. Bd1 e3 30. Bg4+ Kc7 31. h4 e2 32. Rf6 Re4 33. Bf4+ Kd8 34. Kf2 Ke7 35. Rxg6 e1Q+ 36. Nxe1 Rxf4+ 37. Nf3 Ra3 38. h5 Rf6 39. Rg7+ Rf7 40. Rg5 Rxa4 41. Kg3 Rf6 42. Kh4 1-0

[Event "GER-ch 2014-B-V6 serv"]
[Site "GER email"]
[Date "2014.04.27"]
[Round "?"]
[White "Poulheim, Karl Friedrich"]
[Black "Traut, Gerhard"]
[Result "1/2-1/2"]
[WhiteElo "2056"]
[BlackElo "1910"]
[PlyCount "132"]
[EventDate "2014.05.15"]
[EventType "tourn (corr)"]
[EventRounds "6"]
[EventCountry "GER"]
[SourceTitle "Corr 2020"]
[Source "ChessBase"]
[SourceDate "2019.09.30"]
[SourceVersion "1"]
[SourceVersionDate "2019.09.30"]
[SourceQuality "1"]

1. e4 e5 2. Bc4 Nf6 3. d3 Nc6 4. a4 Bc5 5. c3 0-0 6. b4 Be7 7. Qb3 d6 8. Nf3 Bg4 9. Nbd2 Nh5 10. h3 Bd7 11. Nf1 Bf6 12. g3 Qc8 13. Ne3 h6 14. Qd1 Bd8 15. b5 Na5 16. Ba2 Nf6 17. Nh4 Kh7 18. Qf3 g6 19. Kf1 a6 20. bxa6 Rxa6 21. Kg2 Ng8 22. Nd5 Be6 23. d4 c6 24. Nb4 Ra8 25. Nd3 b6 26. Bxe6 Qxe6 27. Qg4 Qc4 28. Rd1 Nf6 29. Qf3 exd4 30. cxd4 Qxd4 31. e5 Qxa1 32. Bxh6 Qxd1 33. Qxd1 Kxh6 34. Qd2+ Kh7 35. exf6 Bxf6 36. Qb4 Kg7 37. Nf3 c5 38. Qg4 Nc6 39. Nf4 Ne5 40. Nh5+ Kh8 41. Qf4 Bg7 42. Nxg7 Kxg7 43. Nxe5 dxe5 44. Qxe5+ Kg8 45. Qf6 Rxa4 46. Qxb6 Rc8 47. Qb7 Raa8 48. h4 c4 49. h5 Rab8 50. Qd5 Rb6 51. Qd7 Rbc6 52. hxg6 fxg6 53. Qd5+ Kh7 54. Qd7+ Kg8 55. Qd5+ Kf8 56. Qf3+ Kg7 57. Qc3+ Kh7 58. f4 Rf8 59. Kf3 Kg8 60. Qd4 Rfc8 61. Qc3 Rd8 62. Kf2 Kf7 63. Qb4 Rd7 64. Qc3 Rd3 65. Qc2 Rc8 66. g4 Rc6 1/2-1/2

[Event "GER-ch 2014-B-V6 serv"]
[Site "GER email"]
[Date "2014.04.27"]
[Round "?"]
[White "Schneider, Hans Juergen"]
[Black "Poulheim, Karl Friedrich"]
[Result "1/2-1/2"]
[WhiteElo "1999"]
[BlackElo "2065"]
[PlyCount "44"]
[EventDate "2014.05.15"]
[EventType "tourn (corr)"]
[EventRounds "6"]
[EventCountry "GER"]
[SourceTitle "Corr 2015"]
[Source "ChessBase"]
[SourceDate "2015.07.17"]
[SourceVersion "1"]
[SourceVersionDate "2015.07.17"]
[SourceQuality "1"]

1. e4 c5 2. Nf3 d6 3. Bb5+ Bd7 4. Bxd7+ Qxd7 5. 0-0 g6 6. c3 Bg7 7. Qe2 Nc6 8. Rd1 Rc8 9. h3 Nf6 10. d4 cxd4 11. cxd4 0-0 12. d5 Ne5 13. Nxe5 dxe5 14. Nc3 Ne8 15. Bd2 Nd6 16. b3 f5 17. f3 Rc7 18. Rdc1 Rfc8 19. Qd3 f4 20. a4 Bf6 21. Be1 b6 22. Na2 Nb7 1/2-1/2

[Event "GER-ch 2013-E-V5 serv"]
[Site "GER email"]
[Date "2013.11.05"]
[Round "?"]
[White "Poulheim, Karl Friedrich"]
[Black "Garus, Edward"]
[Result "1/2-1/2"]
[WhiteElo "2156"]
[BlackElo "2017"]
[PlyCount "71"]
[EventDate "2013.11.15"]
[EventType "tourn (corr)"]
[EventRounds "6"]
[EventCountry "GER"]
[SourceTitle "Corr 2015"]
[Source "ChessBase"]
[SourceDate "2015.07.17"]
[SourceVersion "1"]
[SourceVersionDate "2015.07.17"]
[SourceQuality "1"]

1. d4 Nf6 2. c4 e6 3. g3 d5 4. Bg2 dxc4 5. Nf3 Nc6 6. Qa4 Bb4+ 7. Bd2 Nd5 8. Bxb4 Ndxb4 9. 0-0 Rb8 10. Na3 a6 11. Ne5 0-0 12. Bxc6 Nxc6 13. Qxc4 Nxe5 14. dxe5 b5 15. Qf4 Bb7 16. Rfd1 Qe7 17. Nc2 Rbd8 18. f3 Bd5 19. Ne3 c5 20. b3 h6 21. Rac1 Bb7 22. Qh4 Rxd1+ 23. Rxd1 Qc7 24. Rd6 Ra8 25. Kf2 Rc8 26. b4 cxb4 27. Qxb4 Bc6 28. Qc5 a5 29. h4 Be8 30. Qxc7 Rxc7 31. Rd8 Kf8 32. f4 Ke7 33. Ra8 a4 34. g4 Rb7 35. f5 Bd7 36. a3 1/2-1/2

[Event "GER-ch 2013-D-V4 serv"]
[Site "GER email"]
[Date "2013.10.08"]
[Round "?"]
[White "Groth, Klaus Ulrich"]
[Black "Poulheim, Karl Friedrich"]
[Result "1/2-1/2"]
[WhiteElo "2131"]
[BlackElo "2114"]
[PlyCount "41"]
[EventDate "2013.10.20"]
[EventType "tourn (corr)"]
[EventRounds "6"]
[EventCountry "GER"]
[SourceTitle "Corr 2015"]
[Source "ChessBase"]
[SourceDate "2015.07.17"]
[SourceVersion "1"]
[SourceVersionDate "2015.07.17"]
[SourceQuality "1"]

1. d4 d5 2. c4 c6 3. Nf3 Nf6 4. Nc3 dxc4 5. a4 Bf5 6. Ne5 Nbd7 7. Nxc4 Qc7 8. g3 e5 9. dxe5 Nxe5 10. Bf4 Nfd7 11. Bg2 g5 12. Bxe5 Nxe5 13. Qd4 f6 14. 0-0-0 Be7 15. Ne3 Be6 16. Qe4 Bb3 17. Rd2 Nd7 18. Nf5 Nc5 19. Qe3 Qe5 20. Ne4 Nxe4 21. Bxe4 1/2-1/2

[Event "GER-ch 2013-D-V4 serv"]
[Site "GER email"]
[Date "2013.10.08"]
[Round "?"]
[White "Poulheim, Karl Friedrich"]
[Black "Haumann, Joachim"]
[Result "0-1"]
[WhiteElo "2114"]
[BlackElo "2073"]
[PlyCount "56"]
[EventDate "2013.10.20"]
[EventType "tourn (corr)"]
[EventRounds "6"]
[EventCountry "GER"]
[SourceTitle "Corr 2015"]
[Source "ChessBase"]
[SourceDate "2015.07.17"]
[SourceVersion "1"]
[SourceVersionDate "2015.07.17"]
[SourceQuality "1"]

1. e4 c5 2. Nf3 Nc6 3. d4 cxd4 4. c3 dxc3 5. Nxc3 e6 6. Bc4 a6 7. 0-0 b5 8. Bb3 Bb7 9. e5 f5 10. a4 b4 11. Nd5 Nge7 12. Nf4 Na5 13. Ba2 Ng6 14. Re1 Rc8 15. Nd4 Nxf4 16. Bxf4 Bc5 17. Nb3 Nxb3 18. Bxb3 0-0 19. Rc1 Ba7 20. Qh5 Bd4 21. Rcd1 Bxb2 22. Bxe6+ dxe6 23. Rxd8 Rfxd8 24. Rb1 Bc3 25. Bg5 Rd4 26. h3 Be4 27. Rc1 Bd5 28. Bf6 Rdc4 0-1

[Event "GER-ch 2012-A-V2 serv"]
[Site "GER email"]
[Date "2013.??.??"]
[Round "?"]
[White "Gierth, Karlheinz"]
[Black "Poulheim, Karl Friedrich"]
[Result "1/2-1/2"]
[WhiteElo "2063"]
[BlackElo "2194"]
[PlyCount "60"]
[EventDate "2012.03.19"]
[EventType "tourn (corr)"]
[EventRounds "6"]
[EventCountry "GER"]
[SourceTitle "Corr 2015"]
[Source "ChessBase"]
[SourceDate "2015.07.17"]
[SourceVersion "1"]
[SourceVersionDate "2015.07.17"]
[SourceQuality "1"]

1. c4 b6 2. Nc3 e6 3. e4 Bb7 4. a3 c5 5. d4 cxd4 6. Qxd4 Nc6 7. Qd1 Nf6 8. Nf3 Qb8 9. Be3 Bc5 10. Bg5 Be7 11. Be2 0-0 12. Qd3 h6 13. Bh4 d6 14. 0-0 Ne5 15. Nxe5 dxe5 16. Rfd1 Qc7 17. Qc2 a6 18. b4 Rfd8 19. f3 Rac8 20. Rxd8+ Rxd8 21. Bf2 Nd7 22. Bf1 Qc6 23. Na4 Qc7 24. c5 bxc5 25. Nxc5 Nxc5 26. bxc5 Ra8 27. Rb1 Bc6 28. Rb6 Qc8 29. Qc3 Bd8 30. Rb1 Qc7 1/2-1/2

[Event "GER-ch 2012-G-V4 serv"]
[Site "GER email"]
[Date "2012.12.10"]
[Round "?"]
[White "Buchhauser, Gerhard"]
[Black "Poulheim, Karl Friedrich"]
[Result "0-1"]
[WhiteElo "1823"]
[BlackElo "2194"]
[PlyCount "78"]
[EventDate "2012.12.31"]
[EventType "tourn (corr)"]
[EventRounds "6"]
[EventCountry "GER"]
[SourceTitle "Corr 2015"]
[Source "ChessBase"]
[SourceDate "2015.07.17"]
[SourceVersion "1"]
[SourceVersionDate "2015.07.17"]
[SourceQuality "1"]

1. e4 e6 2. d4 d5 3. Nc3 Nf6 4. Bg5 dxe4 5. Nxe4 Be7 6. Bxf6 Bxf6 7. Nf3 0-0 8. Qd2 Nd7 9. 0-0-0 Be7 10. Bd3 c5 11. dxc5 Qc7 12. h4 f5 13. Ng3 Nxc5 14. Rhe1 a6 15. Qe2 Re8 16. Kb1 b5 17. c3 Rb8 18. Bc2 a5 19. Ng5 g6 20. Qe5 Qxe5 21. Rxe5 Bb7 22. Nf3 Bxf3 23. gxf3 b4 24. c4 Rbd8 25. Rxd8 Rxd8 26. h5 Rd2 27. hxg6 hxg6 28. Re2 Rd4 29. b3 Rh4 30. Re1 Rh2 31. Rf1 e5 32. Bd1 Nd3 33. Nh1 Bc5 34. Bc2 Nf4 35. Kc1 Kf7 36. Kd2 Kf6 37. Bd1 Nh3 38. Be2 Kg5 39. Kc2 Kf4 0-1